Tutti i baci in cielo e in terra /
Guardat en:
| Autor principal: | |
|---|---|
| Format: | Llibre |
| Idioma: | italià |
| Publicat: |
Milano :
Gribaudo,
2012
|
| Etiquetes: |
Sense etiquetes, Sigues el primer a etiquetar aquest registre!
|
MARC
| LEADER | 00000nam a22000007i 4500 | ||
|---|---|---|---|
| 001 | IT\ICCU\UBO\3938753 | ||
| 003 | ItRI | ||
| 005 | 20260115232116.0 | ||
| 008 | 120521s2012 it |||||| ||||| |||||c | ||
| 020 | |a 9788858006597 | ||
| 040 | |b ita |c importazione bologna sebina | ||
| 041 | 7 | |a ita |2 ISO-639-2 | |
| 100 | 0 | |a Kimiko |0 IT\ICCU\RAVV\217862 | |
| 240 | 1 | 0 | |a 365 bisous. |3 IT\ICCU\UBO\3938755 |9 Kimiko |
| 245 | 1 | 0 | |a Tutti i baci in cielo e in terra / |c Kimiko. |
| 260 | |a Milano : |b Gribaudo, |c 2012 | ||
| 300 | |a 1 volume : |b ill. ; |c 32 cm. | ||
| 790 | 1 | |a Krings, Kimiko |3 IT\ICCU\SBNV\099784 |z Kimiko | |
| 942 | |2 ddc |c BK |n 0 | ||
| 952 | |0 0 |1 0 |4 0 |6 R_741_642000000000000_KIM |7 0 |9 20175 |a BO |b BO |d 2026-01-15 |i 17537 |l 0 |o R 741.642 KIM |p BO17537 |r 2026-01-15 23:21:16 |w 2026-01-15 |x [Sebina 5] [1 v.] |y BK |z 1 v. | ||
| 999 | |c 17205 |d 17205 | ||